Návrh koncepcie rozvoja poľnohospodárstva a výživy do roku 2000 Syntetická správa za 1. kontrolovateľnú etapu HÚ SPEV 901529320

Gespeichert in:
Bibliographische Detailangaben
1. Verfasser: Koreň, Daniel
Format: Buch
Sprache:Slowakisch
Veröffentlicht: Bratislava Výskumný ústav ekonomiky poľnohospodárstva a potravinárstva 1988
Ausgabe:1. vyd.
Tags: Tag hinzufügen
Keine Tags, Fügen Sie das erste Tag hinzu!

MARC

LEADER 00000nam a2200000 4500
001 c035813
005 20221219091843.8
041 0 |a slo 
044 |a SK 
245 1 0 |a Návrh koncepcie rozvoja poľnohospodárstva a výživy do roku 2000  |b Syntetická správa za 1. kontrolovateľnú etapu HÚ SPEV 901529320  |c Daniel Koreň 
250 |a 1. vyd. 
264 1 |a Bratislava  |b Výskumný ústav ekonomiky poľnohospodárstva a potravinárstva  |c 1988 
300 |a 59 s. 
100 1 |a Koreň, Daniel